000 01481cam a2200421 a 4500
001 16282062
003 OSt
005 20140310182725.0
008 100614s2011 nyu b 001 0 eng
010 _a 2010024798
020 _a9780415872850
020 _a0415872855
020 _a9780415872867
020 _a0415872863
020 _a9780203866153
020 _a0203866150
035 _a(OCoLC)ocn436030395
040 _aDLC
_cDLC
_dYDX
_dBTCTA
_dYDXCP
_dMTG
_dBWX
_dCDX
_dDLC
050 0 0 _aHM 1221
_b.P7844 2011
245 0 0 _aPublic relations in global cultural contexts :
_bmulti-paradigmatic perspectives /
_cedited by Nilanjana Bardhan, C. Kay Weaver.
260 _aNew York :
_bRoutledge,
_c2011.
300 _axiv, 295 p. ;
_c24 cm.
_bill. ;
490 1 _aCommunication series
504 _aIncludes bibliographical references and index.
521 _aMC
562 _eFor Circulation. 1 copy in the Collection
650 0 _aPublic relations.
650 0 _aPublic relations
_vCross-cultural studies.
700 1 _aBardhan, Nilanjana.
700 1 _aWeaver, C. Kay,
_d1964-
830 0 _aRoutledge communication series.
856 4 2 _3Contributor biographical information
_uhttp://www.loc.gov/catdir/enhancements/fy1114/2010024798-b.html
906 _a7
_bcbc
_corignew
_d1
_eecip
_f20
_gy-gencatlg
942 _2lcc
_cBK
_kFOR
999 _c15389
_d15389